| 000 | 00417nam a22001217a 4500 | ||
|---|---|---|---|
| 999 |
_c9362 _d9362 |
||
| 003 | OSt | ||
| 008 | 201203b ||||| |||| 00| 0 eng d | ||
| 245 | _aJournal of The Indian Roads Congress | ||
| 250 | _a2013( Jul-Sep Vol.74 No.2, Oct-Dec Vol.74 No.3 ) 2014( Apr-Jun Vol.74 No.4, Jul-Sep Vol.75 No.2, Oct-Dec Vol.75 No.3 ) | ||
| 260 |
_aNew Delhi _bIndian Roads Congress |
||
| 650 | _aCivil Engineering | ||
| 942 |
_2ddc _cBV |
||